000 00609nam a2200205 i 4500
001 73787
003 ES-MaACL
005 20240320062530.0
007 t|
008 040913s1947 ag ||||1| spa d
100 1 _aGómez de la Serna, Ramón,
_d1888-1963
_957901
245 1 0 _aIsmos /
_cRamón Gómez de la Serna.
250 _a[2ª ed.].
260 _aBuenos Aires :
_bPoseidón,
_c[1947] (
_f[Sebastián de Amorrortu e Hijos])
300 _a449 p., 4 lám. :
_bil. ;
_c24 cm.
490 1 _aAristarco
830 0 _aAristarco
_9187417
852 _aES-MaACL
_jD-6746
_bR.30168
999 _c73787
_d73787